[Event "POL-chT 1st League 2020"]
[Site "Ustron"]
[Date "2020.09.05"]
[Round "1.18"]
[White "Kucharska, Honorata"]
[Black "Kubicka, Anna"]
[Result "1/2-1/2"]
[WhiteElo "2237"]
[BlackElo "2264"]
[Annotator "ChessBase"]
[PlyCount "98"]
[EventDate "2020.09.05"]
[EventType "team-tourn"]
[EventCountry "POL"]
[SourceTitle "playchess.com"]
[Source "ChessBase"]
[SourceQuality "1"]
[TimeControl "40/5400+30:1800+30"]

1. d4 {[%emt 0:00:00]} Nf6 {[%emt 0:00:00]} 2. Nf3 {[%emt 0:00:00]} e6 {[%emt 0:00:00]} 3. g3 {[%emt 0:00:09]} c5 {[%emt 0:01:14]} 4. Bg2 {[%emt 0:01:48]} Nc6 {[%emt 0:01:22]} 5. O-O {[%emt 0:04:45]} d5 {[%emt 0:03:27]} 6. c3 {[%emt 0:04:25]} Be7 {[%emt 0:00:26]} 7. Nbd2 {[%emt 0:02:11]} cxd4 {[%emt 0:01:30]} 8. cxd4 {[%emt 0:01:14]} O-O {[%emt 0:00:11]} 9. Nb3 {[%emt 0:02:05]} b6 {[%emt 0:03:34]} 10. Ne5 {[%emt 0:08:40]} Nxe5 {[%emt 0:07:18]} 11. dxe5 {[%emt 0:00:20]} Nd7 {[%emt 0:00:41]} 12. f4 {[%emt 0:09:53]} Ba6 {[%emt 0:03:21]} 13. Be3 {[%emt 0:03:05]} Rc8 {[%emt 0:08:15]} 14. Nd4 {[%emt 0:03:17]} Bc5 {[%emt 0:02:35]} 15. Qd2 {[%emt 0:01:30]} Qe7 {[%emt 0:03:37]} 16. a3 {[%emt 0:01:42]} Bxd4 {[%emt 0:01:01]} 17. Bxd4 {[%emt 0:00:23]} Nc5 {[%emt 0:00:17]} 18. Qe3 {[%emt 0:02:55]} Bc4 {[%emt 0:07:38]} 19. Rad1 {[%emt 0:03:35]} Nb3 {[%emt 0:10:10]} 20. g4 {[%emt 0:03:13]} Rfe8 {[%emt 0:17:24]} 21. Kh1 {[%emt 0:07:06]} Nxd4 {[%emt 0:02:47]} 22. Rxd4 {[%emt 0:00:32]} Ba6 {[%emt 0:00:43]} 23. Qd2 {[%emt 0:06:56]} Rc4 {[%emt 0:04:59]} 24. Rxc4 {[%emt 0:05:08]} Bxc4 {[%emt 0:00:04]} 25. Rd1 {[%emt 0:00:53]} Qh4 {[%emt 0:02:54]} 26. Bf3 {[%emt 0:00:30]} Qf2 {[%emt 0:02:00]} 27. Qd4 {[%emt 0:00:50]} Qxd4 {[%emt 0:01:30]} 28. Rxd4 {[%emt 0:00:06]} f6 {[%emt 0:05:07]} 29. Kg2 {[%emt 0:04:39]} Kf7 {[%emt 0:02:53]} 30. e4 {[%emt 0:01:32]} fxe5 {[%emt 0:01:57]} 31. fxe5 {[%emt 0:00:08]} Rd8 {[%emt 0:00:02]} 32. Kg3 {[%emt 0:04:20]} g5 {[%emt 0:01:06]} 33. Kf2 {[%emt 0:02:35]} Ke7 {[%emt 0:00:37]} 34. Ke3 {[%emt 0:01:08]} dxe4 {[%emt 0:04:35]} 35. Rxd8 {[%emt 0:02:47]} Kxd8 {[%emt 0:00:03]} 36. Bxe4 {[%emt 0:00:18]} h6 {[%emt 0:00:04]} 37. Bf3 {[%emt 0:00:22]} Kc7 {[%emt 0:00:21]} 38. Kd4 {[%emt 0:00:13]} Bb5 {[%emt 0:00:31]} 39. Bd1 {[%emt 0:00:50]} Bf1 {[%emt 0:00:57]} 40. b4 {[%emt 0:00:00]} Bg2 {[%emt 0:00:00]} 41. Be2 {[%emt 0:03:45]} Bc6 {[%emt 0:07:45]} 42. Bc4 {[%emt 0:00:32]} Kd7 {[%emt 0:00:06]} 43. Be2 {[%emt 0:00:07]} Ba4 {[%emt 0:02:23]} 44. Bf3 {[%emt 0:00:36]} Bb3 {[%emt 0:00:48]} 45. Be2 {[%emt 0:00:17]} Ba4 {[%emt 0:08:38]} 46. Bf3 {[%emt 0:00:20]} Bb5 {[%emt 0:00:20]} 47. Bd1 {[%emt 0:00:24]} Bf1 {[%emt 0:05:07]} 48. Bf3 {[%emt 0:00:15]} Kc7 {[%emt 0:01:40]} 49. Bd1 {[%emt 0:00:33]} Bg2 {[%emt 0:03:07]} 1/2-1/2

[Event "POL-chT 1st League 2020"]
[Site "Ustron"]
[Date "2020.09.05"]
[Round "1.19"]
[White "Plichta, Kamil"]
[Black "Ponizil, Cyril"]
[Result "0-1"]
[WhiteElo "2383"]
[BlackElo "2507"]
[Annotator "TA"]
[PlyCount "68"]
[EventDate "2020.09.05"]
[EventType "team-tourn"]
[EventCountry "POL"]
[SourceTitle "playchess.com"]
[Source "ChessBase"]
[SourceQuality "1"]

{[%evp 9,68,94,97,97,74,69,92,105,118,122,123,130,125,75,89,77,105,29,29,0,0,0,0,-16,-8,-103,-116,-60,-36,-71,-83,-72,-90,-191,-220,-371,-350,-332,-332,-330,-308,-494,-496,-474,-475,-479,-472,-468,-468,-486,-486,-560,-564,-646,-535,-596,-581,-813,-811,-834,-789]} 1. e4 c5 2. Nf3 e6 3. d3 g6 4. d4 Bg7 5. dxc5 Qa5+ 6. c3 $1 {B40: Sicilian: 2...e6, Unusual lines.} Qxc5 7. Na3 {[%cal Bb1a3,Ba3b5,Bb5c7][%mdl 32] [#] Hoping for Be3.} d5 $146 ({Predecessor:} 7... Nf6 8. Be3 Qc6 9. Nd4 Qxe4 10. Nab5 O-O 11. Nc7 b6 12. Be2 Qb7 13. Nxa8 Qxa8 {1-0 (42) Illingworth,M (2360)-Munkhgal,G (2394) Istanbul 2012}) 8. Nb5 {White is better.} a6 9. Be3 Qe7 {[#]} 10. Qa4 $1 ({Stronger than} 10. exd5 axb5 11. Bxb5+ Bd7 $17) 10... Nc6 11. Bb6 Rb8 {[#]} 12. Nc7+ $1 Kf8 13. O-O-O (13. exd5 $16 exd5+ 14. Be2) 13... dxe4 $11 14. Qxe4 Nf6 15. Qc4 {Threatens to win with Bc5.} Bh6+ $1 16. Kb1 {Black must now prevent Bc5.} Nd7 $1 {[%cal Rd7b6]} 17. Bd4 (17. Rxd7 $1 $11 Qxd7 18. Be2) 17... Nxd4 $17 18. Qxd4 {[%cal Rd4h8]} ({Wrong is} 18. Rxd4 $2 Nc5 $19) 18... Qf6 19. Qxf6 Nxf6 {Black converts the advantage convincingly.} 20. Rd8+ Kg7 21. Rxh8 (21. Rd4 $17) 21... Kxh8 $19 22. g4 $2 (22. g3 Bf8 23. Ng5) 22... Nxg4 23. Ne8 Bf4 24. Be2 Bd7 25. Nd4 $2 (25. Nd6) 25... Nxf2 {Black is clearly winning.} (25... Bxe8 $2 26. Bxg4 e5 27. Nb3 $19) 26. Rf1 {and if Nf6 works, White does fine.} Rxe8 27. Rxf2 e5 28. Bd3 f5 {...Be3 is the strong threat.} 29. Nb3 Be3 30. Re2 Bb6 31. c4 Bc6 32. c5 Bc7 33. Nd2 e4 34. Bc2 e3 {Accuracy: White = 43%, Black = 100%.} 0-1

[Event "POL-chT 1st League 2020"]
[Site "Ustron"]
[Date "2020.09.05"]
[Round "1.20"]
[White "Paszewski, Mateusz"]
[Black "Lewtak, Damian"]
[Result "1/2-1/2"]
[WhiteElo "2275"]
[BlackElo "2377"]
[Annotator "TA"]
[PlyCount "48"]
[EventDate "2020.09.05"]
[EventType "team-tourn"]
[EventCountry "POL"]
[SourceTitle "playchess.com"]
[Source "ChessBase"]
[SourceQuality "1"]

{[%evp 14,48,20,0,34,32,67,66,66,42,50,39,100,43,43,47,65,47,47,39,42,27,29,35,41,44,44,31,45,46,41,25,30,34,36,22,15]} 1. e4 e6 2. d4 d5 3. Nc3 {[%cal Bb1c3,Bc3e2,Be2f4][%mdl 32]} Nf6 4. e5 Nfd7 5. Nce2 c5 6. c3 Nc6 7. Nf3 {seems to push 7.f4 aside.} b5 8. Nf4 Rb8 {C11: French: Classical System: 4 e5 and 4 Bg5 dxe4.} 9. Bd3 {[#]} cxd4 $146 ({Predecessor:} 9... b4 10. Nxe6 fxe6 11. Ng5 Ndxe5 12. dxe5 Nxe5 13. Bxh7 Qf6 14. O-O Bd6 15. f4 Nf7 16. Qh5 {0-1 (27) Shirov,A (2726)-Malakhatko,V (2633) Leon 2008}) 10. cxd4 Qa5+ {White is slightly better.} 11. Bd2 Bb4 12. Rc1 Rb6 (12... Bb7 $14) 13. Bxb4 (13. O-O $16) 13... Qxb4+ $14 14. Qd2 Bb7 15. Rc3 a5 16. Be2 Qe7 17. Nd3 b4 18. Rc2 b3 19. axb3 Rxb3 20. O-O O-O 21. Rfc1 Rb6 22. Nc5 Nb4 23. Nxd7 Qxd7 24. Rc5 a4 {Accuracy: White = 92%, Black = 72%.} 1/2-1/2

[Event "POL-chT 1st League 2020"]
[Site "Ustron"]
[Date "2020.09.05"]
[Round "1.21"]
[White "Budrewicz, Krzysztof"]
[Black "Ciesla, Adam"]
[Result "1-0"]
[WhiteElo "2227"]
[BlackElo "2294"]
[Annotator "ChessBase"]
[PlyCount "87"]
[EventDate "2020.09.05"]
[EventType "team-tourn"]
[EventCountry "POL"]
[SourceTitle "playchess.com"]
[Source "ChessBase"]
[SourceQuality "1"]
[TimeControl "40/5400+30:1800+30"]

1. d4 {[%emt 0:00:00]} g6 {[%emt 0:00:00]} 2. c4 {[%emt 0:00:00]} Bg7 {[%emt 0:00:00]} 3. Nc3 {[%emt 0:00:08]} c5 {[%emt 0:00:03]} 4. d5 {[%emt 0:00:21]} d6 {[%emt 0:00:16]} 5. e4 {[%emt 0:00:28]} e6 {[%emt 0:00:37]} 6. Bd3 {[%emt 0:00:18]} Ne7 {[%emt 0:00:23]} 7. h4 {[%emt 0:02:12]} exd5 {[%emt 0:02:48]} 8. cxd5 {[%emt 0:00:15]} h6 {[%emt 0:03:11]} 9. h5 {[%emt 0:00:36]} a6 {[%emt 0:08:25]} 10. a4 {[%emt 0:03:55]} Nd7 {[%emt 0:01:27]} 11. hxg6 {[%emt 0:24:29]} fxg6 {[%emt 0:01:13]} 12. f4 {[%emt 0:02:48]} Nf6 {[%emt 0:07:01]} 13. Nf3 {[%emt 0:08:56]} Ng4 {[%emt 0:09:37]} 14. Nh2 {[%emt 0:09:48]} h5 {[%emt 0:08:30]} 15. Nf3 {[%emt 0:00:14]} Bd7 {[%emt 0:05:37]} 16. g3 {[%emt 0:06:28]} Rc8 {[%emt 0:08:33]} 17. Qe2 {[%emt 0:01:43]} c4 {[%emt 0:07:54]} 18. Bc2 {[%emt 0:01:01]} b5 {[%emt 0:00:52]} 19. axb5 {[%emt 0:00:09]} axb5 {[%emt 0:00:04]} 20. Ra6 {[%emt 0:01:09]} Ra8 {[%emt 0:02:32]} 21. Rxd6 {[%emt 0:04:11]} b4 {[%emt 0:03:54]} 22. e5 {[%emt 0:11:05]} bxc3 {[%emt 0:01:24]} 23. bxc3 {[%emt 0:00:57]} Qa5 {[%emt 0:03:17]} 24. O-O {[%emt 0:06:09]} Bf5 {[%emt 0:04:43]} 25. Bxf5 {[%emt 0:03:23]} Nxf5 {[%emt 0:04:53]} 26. Re6+ {[%emt 0:01:01]} Kd7 {[%emt 0:01:20]} 27. Rxg6 {[%emt 0:01:10]} Qc5+ {[%emt 0:02:29]} 28. Nd4 {[%emt 0:02:00]} Rhg8 {[%emt 0:01:15]} 29. Rd1 {[%emt 0:02:32]} Bh6 {[%emt 0:04:50]} 30. Rc6 {[%emt 0:01:55]} Qa7 {[%emt 0:02:20]} 31. e6+ {[%emt 0:00:33]} Ke8 {[%emt 0:00:26]} 32. Qxc4 {[%emt 0:00:29]} Nge3 {[%emt 0:01:27]} 33. Bxe3 {[%emt 0:01:24]} Rxg3+ {[%emt 0:00:57]} 34. Kf2 {[%emt 0:01:50]} Rg2+ {[%emt 0:02:56]} 35. Ke1 {[%emt 0:01:20]} Nxe3 {[%emt 0:00:07]} 36. Rc8+ {[%emt 0:00:10]} Ke7 {[%emt 0:00:25]} 37. Rc7+ {[%emt 0:00:08]} Kf6 {[%emt 0:00:47]} 38. Rxa7 {[%emt 0:00:45]} Rxa7 {[%emt 0:00:59]} 39. Qd3 {[%emt 0:02:45]} Bxf4 {[%emt 0:01:13]} 40. Ne2 {[%emt 0:00:00]} Ra2 {[%emt 0:00:00]} 41. Qd4+ {[%emt 0:01:44]} Ke7 {[%emt 0:10:54]} 42. d6+ {[%emt 0:00:17]} Kxe6 {[%emt 0:01:24]} 43. Nxf4+ {[%emt 0:00:09]} Kd7 {[%emt 0:00:05]} 44. Qxe3 {[%emt 0:00:15]} 1-0

[Event "POL-chT 1st League 2020"]
[Site "Ustron"]
[Date "2020.09.05"]
[Round "1.22"]
[White "Tomaszewski, Roman"]
[Black "Reza, Wojciech"]
[Result "0-1"]
[WhiteElo "2206"]
[BlackElo "2273"]
[Annotator "ChessBase"]
[PlyCount "126"]
[EventDate "2020.09.05"]
[EventType "team-tourn"]
[EventCountry "POL"]
[SourceTitle "playchess.com"]
[Source "ChessBase"]
[SourceQuality "1"]
[TimeControl "40/5400+30:1800+30"]

1. c4 {[%emt 0:00:00]} Nf6 {[%emt 0:00:08]} 2. Nc3 {[%emt 0:00:01]} e6 {[%emt 0:00:42]} 3. e4 {[%emt 0:00:46]} c5 {[%emt 0:00:33]} 4. e5 {[%emt 0:02:35]} Ng8 {[%emt 0:00:05]} 5. Nf3 {[%emt 0:00:10]} Nc6 {[%emt 0:00:33]} 6. d4 {[%emt 0:00:22]} cxd4 {[%emt 0:00:05]} 7. Nxd4 {[%emt 0:00:06]} Nxe5 {[%emt 0:00:22]} 8. Ndb5 {[%emt 0:00:36]} a6 {[%emt 0:03:14]} 9. Nd6+ {[%emt 0:00:21]} Bxd6 {[%emt 0:00:04]} 10. Qxd6 {[%emt 0:00:07]} f6 {[%emt 0:00:03]} 11. Be3 {[%emt 0:22:11]} Ne7 {[%emt 0:00:25]} 12. Bb6 {[%emt 0:01:20]} Nf5 {[%emt 0:00:04]} 13. Bxd8 {[%emt 0:00:07]} Nxd6 {[%emt 0:00:07]} 14. Bc7 {[%emt 0:00:05]} Ke7 {[%emt 0:00:23]} 15. c5 {[%emt 0:22:27]} Ne8 {[%emt 0:05:36]} 16. Bxe5 {[%emt 0:17:20]} fxe5 {[%emt 0:00:13]} 17. Na4 {[%emt 0:00:03]} Rb8 {[%emt 0:09:25]} 18. Nb6 {[%emt 0:00:14]} d5 {[%emt 0:02:21]} 19. cxd6+ {[%emt 0:00:08]} Nxd6 {[%emt 0:00:05]} 20. Rc1 {[%emt 0:03:34]} Rd8 {[%emt 0:02:17]} 21. Rc7+ {[%emt 0:11:25]} Kf6 {[%emt 0:11:40]} 22. Be2 {[%emt 0:03:03]} Ne8 {[%emt 0:01:40]} 23. Rc3 {[%emt 0:00:36]} Bd7 {[%emt 0:08:09]} 24. Rf3+ {[%emt 0:04:13]} Ke7 {[%emt 0:02:50]} 25. Re3 {[%emt 0:00:20]} Bc6 {[%emt 0:04:17]} 26. Bf3 {[%emt 0:02:22]} Bxf3 {[%emt 0:07:30]} 27. Rxf3 {[%emt 0:00:03]} Rd6 {[%emt 0:02:35]} 28. Nc4 {[%emt 0:06:14]} Rc6 {[%emt 0:00:56]} 29. b3 {[%emt 0:00:06]} Nd6 {[%emt 0:01:02]} 30. O-O {[%emt 0:00:13]} Nxc4 {[%emt 0:01:04]} 31. bxc4 {[%emt 0:00:06]} Rxc4 {[%emt 0:01:35]} 32. Rb1 {[%emt 0:01:24]} b5 {[%emt 0:01:26]} 33. Ra3 {[%emt 0:00:05]} Rb6 {[%emt 0:00:52]} 34. Re1 {[%emt 0:00:09]} Rbc6 {[%emt 0:07:09]} 35. Rg3 {[%emt 0:01:32]} Kf6 {[%emt 0:03:17]} 36. Rf3+ {[%emt 0:00:40]} Rf4 {[%emt 0:00:39]} 37. Ra3 {[%emt 0:00:02]} Re4 {[%emt 0:11:16]} 38. Rb1 {[%emt 0:00:08]} Rec4 {[%emt 0:00:47]} 39. Kf1 {[%emt 0:01:35]} e4 {[%emt 0:01:07]} 40. Rb2 {[%emt 0:00:00]} Ke5 {[%emt 0:00:00]} 41. Rd2 {[%emt 0:02:49]} Rc1+ {[%emt 0:13:23]} 42. Ke2 {[%emt 0:00:21]} Rg1 {[%emt 0:04:36]} 43. g3 {[%emt 0:15:14]} Rcc1 {[%emt 0:14:45]} 44. Ke3 {[%emt 0:03:37]} Rge1+ {[%emt 0:01:03]} 45. Re2 {[%emt 0:00:02]} Rxe2+ {[%emt 0:00:50]} 46. Kxe2 {[%emt 0:00:10]} Rc6 {[%emt 0:00:06]} 47. Ke3 {[%emt 0:05:39]} Kd5 {[%emt 0:02:27]} 48. Ra5 {[%emt 0:03:16]} h6 {[%emt 0:01:26]} 49. h4 {[%emt 0:00:06]} Rd6 {[%emt 0:01:31]} 50. Ra3 {[%emt 0:01:51]} e5 {[%emt 0:00:55]} 51. h5 {[%emt 0:01:05]} Rf6 {[%emt 0:00:32]} 52. Ke2 {[%emt 0:00:13]} Kd4 {[%emt 0:01:10]} 53. Ke1 {[%emt 0:00:32]} Rc6 {[%emt 0:01:52]} 54. Kd2 {[%emt 0:00:11]} Rd6 {[%emt 0:01:45]} 55. Kc2 {[%emt 0:04:47]} Rf6 {[%emt 0:00:13]} 56. Kd1 {[%emt 0:00:02]} Rxf2 {[%emt 0:02:49]} 57. Rxa6 {[%emt 0:00:07]} Rf5 {[%emt 0:00:21]} 58. Ke2 {[%emt 0:01:13]} Rxh5 {[%emt 0:00:47]} 59. Rd6+ {[%emt 0:00:24]} Kc5 {[%emt 0:00:27]} 60. Rd7 {[%emt 0:00:45]} Rg5 {[%emt 0:00:13]} 61. Kf2 {[%emt 0:00:02]} e3+ {[%emt 0:00:37]} 62. Kf3 {[%emt 0:01:04]} e2 {[%emt 0:00:07]} 63. Rc7+ {[%emt 0:00:17]} Kd4 {[%emt 0:00:37]} 0-1

[Event "POL-chT 1st League 2020"]
[Site "Ustron"]
[Date "2020.09.05"]
[Round "1.23"]
[White "Renkowski, Piotr"]
[Black "Flis, Jacek"]
[Result "1/2-1/2"]
[WhiteElo "2149"]
[BlackElo "2214"]
[Annotator "ChessBase"]
[PlyCount "74"]
[EventDate "2020.09.05"]
[EventType "team-tourn"]
[EventCountry "POL"]
[SourceTitle "playchess.com"]
[Source "ChessBase"]
[SourceQuality "1"]
[TimeControl "40/5400+30:1800+30"]

1. d4 {[%emt 0:00:00]} Nf6 {[%emt 0:00:07]} 2. c4 {[%emt 0:00:00]} g6 {[%emt 0:01:21]} 3. Nc3 {[%emt 0:00:16]} Bg7 {[%emt 0:00:08]} 4. e4 {[%emt 0:00:13]} d6 {[%emt 0:00:15]} 5. Nf3 {[%emt 0:00:41]} O-O {[%emt 0:00:21]} 6. Be2 {[%emt 0:00:06]} Nbd7 {[%emt 0:03:11]} 7. O-O {[%emt 0:00:34]} e5 {[%emt 0:00:12]} 8. Qc2 {[%emt 0:01:28]} c6 {[%emt 0:02:29]} 9. Rd1 {[%emt 0:00:50]} Qe7 {[%emt 0:02:02]} 10. Rb1 {[%emt 0:06:54]} Re8 {[%emt 0:04:03]} 11. dxe5 {[%emt 0:07:52]} Nxe5 {[%emt 0:11:02]} 12. h3 {[%emt 0:05:47]} Nxf3+ {[%emt 0:06:12]} 13. Bxf3 {[%emt 0:00:02]} Be6 {[%emt 0:00:34]} 14. b3 {[%emt 0:05:40]} d5 {[%emt 0:15:58]} 15. cxd5 {[%emt 0:19:20]} cxd5 {[%emt 0:00:38]} 16. Bg5 {[%emt 0:10:35]} Qc7 {[%emt 0:10:27]} 17. Qd3 {[%emt 0:12:44]} dxe4 {[%emt 0:04:33]} 18. Nxe4 {[%emt 0:00:19]} Nxe4 {[%emt 0:10:46]} 19. Bxe4 {[%emt 0:00:24]} Qa5 {[%emt 0:07:48]} 20. Qg3 {[%emt 0:09:05]} Rac8 {[%emt 0:10:41]} 21. Bxb7 {[%emt 0:02:39]} Rc2 {[%emt 0:01:04]} 22. a4 {[%emt 0:02:53]} Rc3 {[%emt 0:00:58]} 23. Bd2 {[%emt 0:03:14]} Rxg3 {[%emt 0:00:11]} 24. Bxa5 {[%emt 0:00:02]} Rxb3 {[%emt 0:00:14]} 25. Bc6 {[%emt 0:02:40]} Rc8 {[%emt 0:00:16]} 26. Bb5 {[%emt 0:02:00]} h5 {[%emt 0:00:33]} 27. Kf1 {[%emt 0:01:55]} Rxb1 {[%emt 0:01:49]} 28. Rxb1 {[%emt 0:00:01]} Bc4+ {[%emt 0:01:02]} 29. Ke1 {[%emt 0:02:07]} Rb8 {[%emt 0:01:24]} 30. Rd1 {[%emt 0:02:38]} Bxb5 {[%emt 0:00:26]} 31. axb5 {[%emt 0:00:04]} Rxb5 {[%emt 0:00:08]} 32. Rd8+ {[%emt 0:00:04]} Kh7 {[%emt 0:00:19]} 33. Bd2 {[%emt 0:00:05]} Re5+ {[%emt 0:01:18]} 34. Kd1 {[%emt 0:00:40]} Rf5 {[%emt 0:00:16]} 35. Ke2 {[%emt 0:00:48]} Re5+ {[%emt 0:01:04]} 36. Kd1 {[%emt 0:00:06]} Rf5 {[%emt 0:00:23]} 37. Ke2 {[%emt 0:00:05]} Re5+ {[%emt 0:00:53]} 1/2-1/2

[Event "POL-chT 1st League 2020"]
[Site "Ustron"]
[Date "2020.09.05"]
[Round "1.24"]
[White "Lach, Aleksandra"]
[Black "Dwilewicz, Katarzyna"]
[Result "1-0"]
[WhiteElo "2188"]
[BlackElo "2134"]
[Annotator "NA"]
[PlyCount "69"]
[EventDate "2020.09.05"]
[EventType "team-tourn"]
[EventCountry "POL"]
[SourceTitle "playchess.com"]
[Source "ChessBase"]
[SourceQuality "1"]
[TimeControl "40/5400+30:1800+30"]

1. e4 {[%emt 0:00:00]} e5 {[%emt 0:00:00]} 2. Nf3 {[%emt 0:00:00]} Nc6 {[%emt 0:00:00]} 3. Bc4 {[%emt 0:00:26]} Bc5 {[%emt 0:00:43]} 4. O-O {[%emt 0:00:19]} Nf6 {[%emt 0:00:07]} 5. d3 {[%emt 0:00:11]} d6 {[%emt 0:00:22]} 6. c3 {[%emt 0:00:29]} a6 {[%emt 0:03:09]} 7. a4 {[%emt 0:00:25]} Ba7 {[%emt 0:00:46]} 8. Re1 {[%emt 0:02:43]} h6 {[%emt 0:01:50]} 9. Nbd2 {[%emt 0:07:21]} O-O {[%emt 0:02:30]} 10. h3 {[%emt 0:00:49]} Ne7 {[%emt 0:02:42]} 11. Bb3 {[%emt 0:01:59]} Ng6 {[%emt 0:00:46]} 12. d4 {[%emt 0:04:50]} Re8 {[%emt 0:06:08]} 13. Bc2 {[%emt 0:02:42]} Nh5 {[%emt 0:08:30]} 14. Nc4 {[%emt 0:22:33]} Be6 {[%emt 0:09:34]} 15. Ne3 {[%emt 0:06:51]} Nhf4 {[%emt 0:03:34]} 16. Nf5 {[%emt 0:01:49]} Qf6 {[%emt 0:05:56]} 17. Be3 {[%emt 0:07:22]} Rad8 {[%emt 0:22:39]} 18. Qc1 {[%emt 0:13:00]} Bb8 {[%emt 0:05:42]} 19. g3 {[%emt 0:09:26]} Nd5 {[%emt 0:18:33]} 20. Bxh6 {[%emt 0:07:06]} gxh6 {[%emt 0:00:25]} 21. Nxh6+ {[%emt 0:00:11]} Kg7 {[%emt 0:01:50]} 22. exd5 {[%emt 0:00:17]} Bxh3 {[%emt 0:03:04]} 23. Ng5 {[%emt 0:00:42]} Rh8 {[%emt 0:01:15]} 24. Nhxf7 {[%emt 0:02:42]} Rdf8 {[%emt 0:00:24]} 25. Bxg6 {[%emt 0:00:51]} Qxg6 {[%emt 0:01:19]} 26. Nxh8 {[%emt 0:00:36]} Rxh8 {[%emt 0:00:36]} 27. Nxh3 {[%emt 0:00:12]} Rxh3 {[%emt 0:00:06]} 28. Kg2 {[%emt 0:00:24]} Qg4 {[%emt 0:00:44]} 29. Qe3 {[%emt 0:01:29]} Ba7 {[%emt 0:00:29]} 30. Rh1 {[%emt 0:01:46]} Rxh1 {[%emt 0:00:22]} 31. Rxh1 {[%emt 0:00:02]} Qg6 {[%emt 0:00:17]} 32. Rh4 {[%emt 0:00:26]} exd4 {[%emt 0:00:40]} 33. Qe7+ {[%emt 0:00:33]} Kg8 {[%emt 0:00:07]} 34. Qd8+ {[%emt 0:00:28]} Kf7 {[%emt 0:00:12]} 35. Rf4+ {[%emt 0:00:07]} 1-0

[Event "POL-chT 1st League 2020"]
[Site "Ustron"]
[Date "2020.09.05"]
[Round "1.25"]
[White "Kuzmicz, Krystian"]
[Black "Maciejczak, Jakub"]
[Result "1-0"]
[WhiteElo "2468"]
[BlackElo "2371"]
[Annotator "TA"]
[PlyCount "93"]
[EventDate "2020.09.05"]
[EventType "team-tourn"]
[EventCountry "POL"]
[SourceTitle "playchess.com"]
[Source "ChessBase"]
[SourceQuality "1"]

{[%evp 19,93,12,25,-2,-2,0,0,-12,32,-6,0,0,0,0,0,0,-4,-10,0,0,0,0,0,6,8,0,0,0,0,0,4,0,0,0,0,0,0,0,0,0,64,64,87,37,68,57,107,97,172,96,154,127,131,122,12832,12832,12832,12833,12833,12834,12834,12834,12834,12835,12834,12834,12834,12835,12829,2114,12837,12838,12838,12839,12843,12843]} 1. e4 d6 2. g3 g6 3. Bg2 Bg7 4. f4 c5 5. d3 Nc6 6. Nf3 e6 7. O-O Nge7 8. c3 O-O 9. Be3 b6 10. Na3 Bb7 11. Nc2 {B20: Sicilian: Unusual White 2nd moves.} Qd7 12. Bf2 Rae8 13. Re1 {The position is equal.} h6 14. Qd2 f5 15. exf5 {[#]} Nxf5 $146 ({Predecessor:} 15... exf5 16. d4 Qc7 17. Na3 Nc8 18. Nb5 Qd8 19. c4 a6 20. Nc3 Rxe1+ 21. Rxe1 Re8 {½-½ (68) Poluljahov,A (2485)-Nikuljshin,K (2385) Kolontaevo 1994}) 16. d4 cxd4 17. Nfxd4 Ncxd4 18. Bxd4 Nxd4 19. Nxd4 Bxg2 20. Qxg2 Bxd4+ 21. cxd4 Rf5 22. Re4 Qf7 23. Rae1 d5 24. R4e3 Qf6 25. Qd2 g5 26. fxg5 hxg5 27. Qd3 Re7 28. Re5 Rxe5 29. Rxe5 $11 {[%mdl 4096] Endgame KQR-KQR} Rf7 (29... g4 $11) 30. Qe2 $14 Kf8 31. Kg2 g4 $1 32. Rxe6 Qxd4 33. Re5 Rc7 (33... Qa4 $16) 34. a3 (34. Re8+ $1 $18 Kg7 35. h3) 34... a5 (34... Qa4 $142) 35. Re8+ $16 Kg7 36. h3 gxh3+ $2 {[%mdl 8192] Loses the game.} (36... a4 $16 37. Re6 (37. Qxg4+ Qxg4 38. hxg4 Rc2+ 39. Kh3 Rxb2 $11) (37. hxg4 Qf6 $16) 37... Kf7) 37. Kxh3 $18 {White is clearly winning.} Rf7 38. Qh5 {Intending Qg5+ and mate.} Qf6 39. Qh8+ $1 Kg6 40. Rg8+ $1 Kf5 41. Qh5+ Ke4 42. Qe2+ Kd4 43. Rg4+ ({Not} 43. Kg2 Rc7 $14) 43... Kc5 44. Qc2+ $1 Kb5 {[#]} 45. Qd3+ $1 Kc5 {[#]} 46. b4+ $1 axb4 47. axb4+ {Accuracy: White = 88%, Black = 70%.} 1-0

[Event "POL-chT 1st League 2020"]
[Site "Ustron"]
[Date "2020.09.05"]
[Round "1.26"]
[White "Janaszak, Dawid"]
[Black "Luch, Michal"]
[Result "1/2-1/2"]
[WhiteElo "2356"]
[BlackElo "2389"]
[Annotator "TA"]
[PlyCount "41"]
[EventDate "2020.09.05"]
[EventType "team-tourn"]
[EventCountry "POL"]
[SourceTitle "playchess.com"]
[Source "ChessBase"]
[SourceQuality "1"]

{[%evp 9,41,43,36,48,44,57,59,36,35,8,37,35,36,37,45,12,50,27,29,27,25,18,18,18,18,18,22,24,34,18,31,0,0,0]} 1. d4 Nf6 2. Nf3 e6 3. Bf4 c5 4. e3 Qb6 5. Na3 d5 6. Nb5 {A46: 1 d4 Nf6 2 Nf3 e6: Torre, London and Colle Systems.} Na6 7. a4 Be7 8. c3 {White is slightly better.} O-O 9. Ne5 Ne4 10. Bd3 f6 {[#]} 11. Nf3 $146 ({Predecessor:} 11. Nc4 Qd8 12. Bxe4 dxe4 13. Ncd6 cxd4 14. exd4 g5 15. Bg3 f5 16. Be5 Bxd6 17. Nxd6 {1-0 (29) Bauer,C (2630)-Berend,F (2346) Maastricht 2017}) 11... Bd7 12. Qc2 Bc6 (12... Rac8 {feels hotter.} 13. Qe2 c4 14. Bxe4 dxe4 15. Nd2 e5) 13. Nc7 {[#] aiming for a5.} (13. h3 {is interesting.} f5 14. Nc7 Nxc7 15. a5 Ba4 16. Rxa4 Qc6 17. Ne5) 13... Bxa4 $1 ({Much weaker is} 13... Nxc7 14. a5 $16) 14. Rxa4 Nxc7 15. Bxc7 Qxc7 16. Bxe4 dxe4 17. Qxe4 Qb6 18. O-O Rfd8 19. Rb1 Rac8 20. g3 a6 21. Ra2 {Accuracy: White = 77%, Black = 83%.} 1/2-1/2